| 000 | 00623nam a2200181Ia 4500 | ||
|---|---|---|---|
| 008 | 140609s9999 xx 000 0 und d | ||
| 020 | _a9780857021359 | ||
| 050 |
_aLB 1047.3 _b.B66 2012 |
||
| 100 | _aBooth, Andrew. | ||
| 245 |
_aSystematic approaches to a successful literature review / _cAndrew Booth, Diana Papaioannou, Anthea Sutton |
||
| 260 |
_aLos Angeles ; Thousand Oaks, Calif. : _bSage, _cc2012. |
||
| 300 |
_a279 p. : _bill. ; _c25 cm. |
||
| 500 | _aIncludes bibliographical references, glossary and index. | ||
| 521 | _aGE | ||
| 650 | _aReview literature as topic. | ||
| 942 |
_kFOR _cBK |
||
| 999 |
_c118103 _d118103 |
||